000 01005nam a22001935i 4500
001 160311
003 ES-MaACL
005 20230906212008.0
008 020419s1872 sp |||| | spa d
040 _aCAM
_bspa
_cCAM
100 1 _aMozo de Rosales, Emilio.
_9130267
245 1 3 _aEl pajecillo
_b: episodio histórico escrito en un acto, en verso /
_cy original de Emilio Mozo de Rosales ; música del maestro Antonio Reparaz.
260 _aMadrid :
_b[s.n.],
_c1872 (
_fImprenta de José Rodriguez)
300 _a23 p. ;
_c20 cm.
500 _aEn port.: Representado por primera vez en el Teatro de Eslava la noche del 28 de junio de 1872.
596 1 _aEn verso de la port. consta: "... El Teatro Comico ..."
700 1 _aReparaz, Antonio.
_996255
852 _aES-MaACL
_jF-8566(13)
_z-- Enc. pasta española
_z-- Dedicatoria ms. de Antonio Reparaz a Francisco Povedano
_q-- Falto de la cub. original
_z.- Enc. en vol. facticio formando parte de la col. facticia "Teatro español moderno", vol. 19
999 _c160311
_d160311